00424nam a2200169Ia 4500003000400000005001700004008004100021020001500062050002500077100002000102245004300122260003500165300003300200440000600233521000700239526000800246OSt20140312081610.0140130s9999 xx 000 0 und d a0590528351 aGV 939b.Es74A3 1995 aEsiason, Boomer aA boy named boomer /cBoomer Esiason. bScholastic,c1995.aNew York : a40 p. :bcol. ill. ;c24 cm. v1 aG2 c430